All Big Brother US Contestants - Statistics

General Stats
  • This quiz has been taken 63 times
    14 since last reset
  • The average score is 206 of 349
Answer Stats
Letter Contestant % Correct
B Britney Haynes
100%
B Brittany Hoopes
100%
B Brittany Martinez
100%
B Brittany Petros
100%
E Eddie McGee
100%
G George Boswell
100%
J Jean Jordan
100%
K Karen Fowler
100%
K Karen Ganci
100%
A Aaryn Gries
75%
A Adam Jasinski
75%
A Adam Poch
75%
A Alison Irwin
75%
A Allison Nichols
75%
A Amanda Craig
75%
A Amanda Hansen
75%
A Amanda Zuckerman
75%
A Amy Crews
75%
A April Dowling
75%
A April Lewis
75%
A Ashlea Evans
75%
A Austin Matelson
75%
B Beau Beasley
75%
B Brendon Villegas
75%
B Britini D'Angelo
75%
B Bunky Miller
75%
C Candice Stewart
75%
C Cassandra Waldon
75%
C Cassi Colvin
75%
C Chima Simone
75%
C Cody Calafiore
75%
C Cody Nickson
75%
D Dan Gheesling
75%
D Daniel Durston
75%
D Daniele Briones
75%
D Danielle Lickey
75%
D Danielle Murphree
75%
D Danielle Reyes
75%
D David Alexander
75%
D David Girton
75%
D David Lane
75%
D Da'Vonne Rogers
75%
D Derrick Levasseur
75%
D Diane Henry
75%
D Dick Donato
75%
D Dominic Briones
75%
D Drew Daniel
75%
D Dustin Erikstrup
75%
E Elissa Slater
75%
E Enzo Palumbo
75%
E Eric Littmann
75%
E Eric Ouellette
75%
E Eric Stein
75%
E Erika Landin
75%
F Frank Eudy
75%
F Frankie Grande
75%
G GinaMarie Zimmerman
75%
H Hardy Ames-Hill
75%
H Hayden Moss
75%
H Hayden Voss
75%
H Helen Kim
75%
H Holly Allen
75%
H Holly King
75%
H Howard Overby
75%
H Howie Gordon
75%
I Ian Terry
75%
I Indy Santos
75%
I Ivette Corredero
75%
J Jack Matthews
75%
J Jack Owens
75%
J Jameka Cameron
75%
J James Huling
75%
J James Rhine
75%
J James Zinkand
75%
J Jamie Kern
75%
J Janelle Pierzina
75%
J Jasmine Davis
75%
J Jason Dent
75%
J Jason Guy
75%
J Jason Roy
75%
J Jee Choe
75%
J Jeff Schroeder
75%
J Jeff Weldon
75%
J Jen DiTurno
75%
J Jen Johnson
75%
J Jenn Arroyo
75%
J Jennifer Vasquez
75%
J Jeremy McGuire
75%
J Jerry MacDonald
75%
J Jessie Godderz
75%
J Jessie Kowalski
75%
J Joe Arvin
75%
J Joe Barber
75%
J Jordan Lloyd
75%
J Josh Feinberg
75%
J Josh Martinez
75%
J Josh Souza
75%
J Judd Daugherty
75%
J Julia Nolan
75%
J Jun Song
75%
J Justin Duncan
75%
J Justin Giovinco
75%
J Justin Sebik
75%
K Kaitlin Barnaby
75%
K Kaysar Ridha
75%
K Keesha Smith
75%
K Keith Henderson
75%
K Krista Stegall
75%
K Kristen Bitting
75%
L Lane Elenburg
75%
L Libra Thompson
75%
L Lisa Donohue
75%
L Lisa Weintraub
75%
L Liz Nolan
75%
M Maggie Ausburn
75%
M Marcellas Reynolds
75%
M Mark Jansen
75%
M Matt Clines
75%
M Matt Hardeman
75%
M Matt Hoffman
75%
M Matt Klotz
75%
M Matt McDonald
75%
M McCrae Olson
75%
M Memphis Garrett
75%
M Michael Bruner
75%
M Michael 'Cowboy' Ellis
75%
M Michael Donnellan
75%
M Michelle Costa
75%
M Michelle Maradie
75%
M Michelle Meyer
75%
M Mike 'Boogie' Malin
75%
M Mike Dutz
75%
M Mike Lubinski
75%
M Monica Bailey
75%
N Nakomis Dedmon
75%
N Natalie Carroll
75%
N Natalie Cunial
75%
N Natalie Martinez
75%
N Natalie Negrotti
75%
N Nathan Marlow
75%
N Nick Maccarone
75%
N Nick Starcevic
75%
N Nick Uhas
75%
N Nicole Anthony
75%
N Nicole Franzel
75%
N Nicole Layog
75%
N Nicole Schaffrich
75%
R Rachel Plencner
75%
R Rachel Reilly
75%
R Rachel Swindler
75%
R Ragan Fox
75%
R Renny Martyn
75%
R Russell Kairouz
75%
R Ryan Quicksall
75%
S Sarah Beth Steagall
75%
S Sarah Hrejsa
75%
S Scott Dennis
75%
S Scott Long
75%
S Scott Weintraub
75%
S Shannon Dragoo
75%
S Sheila Kennedy
75%
S Spencer Clawson
75%
S Steve Arienta
75%
S Steve Moses
75%
V Vanessa Rousso
75%
V Victor Arroyo
75%
W Wil Heuser
75%
W William Collins
75%
W Will Kirby
75%
W Will Wikle
75%
Z Zach Rance
75%
Z Zach Swerdzewski
75%
A Adria Klein
50%
A Alyssa Lopez
50%
A Alyssa Snider
50%
A Amber Borzotra
50%
A Amber Siyavus
50%
A Ameerah Jones
50%
A America Lopez
50%
A Andrew Gordon
50%
A Andy Herren
50%
A Angela Murray
50%
A Angela Rummans
50%
A Angie Swindell
50%
A Annie Whittington
50%
A Ashley Iocco
50%
A Audrey Middleton
50%
A Autumn Daly
50%
A Azah Awasum
50%
B Becky Burgess
50%
B Bowie Jane Ball
50%
B Braden Bacha
50%
B Brent Champagne
50%
B Brett Robinson
50%
B Brian Hart
50%
B Brooklyn Rivera
50%
B Bryan Ollie
50%
C Caleb Reynolds
50%
C Cameron Hardin
50%
C Cameron Heard
50%
C Cam Sullivan-Brown
50%
C Carol Journey
50%
C Casey Turner
50%
C Cedric Hodges
50%
C Chelsia Hart
50%
C Chelsie Baham
50%
C Chris 'Swaggy C' Williams
50%
C Christie Murphy
50%
C Christine Brecht
50%
C Claire Rehfuss
50%
C Clay Honeycutt
50%
C Cliff Hogg III
50%
C Corey Brooks
50%
C Cory Wurtenberger
50%
C Curtis Kin
50%
D Dana Varela
50%
D Derek Frazier
50%
D Derek Xiao
50%
D Devin Shepherd
50%
D Donny Thompson
50%
E Elena Davies
50%
F Faysal 'Fessy' Shafaat
50%
F Frenchie French
50%
H Hannah Chaddha
50%
J Jace Agolli
50%
J Jackie Ibarra
50%
J Jackson Michie
50%
J Jacob Heald
50%
J Jag Bains
50%
J Jase Wirey
50%
J Jessica Graf
50%
J Jessica Hughbanks
50%
J Jessica Milagros
50%
J Jocasta Odom
50%
J Jodi Rollins
50%
J Joey Van Pelt
50%
J John McGuire
50%
J JoJo Spatafora
50%
J Joseph Abdin
50%
J Joseph Rodriguez
50%
K Kail Harbick
50%
K Kaitlyn Herman
50%
K Kalia Booker
50%
K Kara Monaco
50%
K Kathryn Dunn
50%
K Kathy Hillis
50%
K Kaycee Clark
50%
K Kenney Kelley
50%
K Kent Blackwelder
50%
K Kevin Campbell
50%
K Kevin Schlehuber
50%
K Kimo Apaka
50%
K Kyland Young
50%
K Kyle Capener
50%
L Laura Crosby
50%
L Lawon Exum
50%
L Leah Peters
50%
L Luke Valentine
50%
L Lydia Tavera
50%
M Makensy Manbeck
50%
M Matthew Turner
50%
M Megan Lowder
50%
M Meg Maley
50%
M Michele Noonan
50%
M Monet Stunson
50%
M Monte Massongill
50%
M Monte Taylor
50%
M Morgan Willett
50%
P Paola Shea
50%
P Porsche Briggs
50%
Q Quinn Martin
50%
R Robert Roman
50%
R Rockstar Lantry
50%
R Ronnie Talbott
50%
R Rubina Bernabe
50%
S Scottie Salton
50%
S Shane Chapman
50%
S Shane Meaney
50%
S Sharon Obermueller
50%
S Shelli Poole
50%
S Shelly Moore
50%
S Sheryl Braxton
50%
S Steven Daigle
50%
T Taylor Hale
50%
T Terrance Higgins
50%
T Tiffany Mitchell
50%
T Tiffany Rousso
50%
T T'kor Clottey
50%
T Travis Long
50%
T Tucker Des Lauriers
50%
T Tyler Crispen
50%
V Victoria Rafaeli
50%
W Willie Hantz
50%
X Xavier Prather
50%
A Alex Coladonato
25%
A Alex Ow
25%
A Alex Willett
25%
A Analyse Talavera
25%
B Bayleigh Dayton
25%
B Blue Kim
25%
B Bridgette Dunning
25%
B Bronte D'Acquisto
25%
C Chiara 'Kiki' Berti
25%
C Christian Birkenberger
25%
C Christmas Abbott
25%
C Cirie Fields
25%
C Cornbread Ligon
25%
D Dominique Cooper
25%
F Felicia Cannon
25%
G Gerry Lancaster
25%
G Glenn Garcia
25%
H Haleigh Broucher
25%
H Hisam Goueli
25%
I Isabella Wang
25%
I Izzy Gleicher
25%
J Jared Fields
25%
J JC Mounduix
25%
J Jillian Parker
25%
J Joshuah Welch
25%
J Jozea Flores
25%
K Kemi Fakunle
25%
K Kirsten Elwin
25%
K Kryssie Ridolfi
25%
L Lori Olson
25%
L Lori Valenti
25%
M Marvin Latimer
25%
M Mecole Hayes
25%
N Neeley Jackson
25%
N Neil Garcia
25%
O Ovi Kabir
25%
P Paloma Aguilar
25%
P Parker Somerville
25%
P Paul Abrahamian
25%
P Paulie Calafiore
25%
P Pooch Pucciarelli
25%
R Ramses Soto
25%
R Raven Walton
25%
R Red Utley
25%
R Reilly Smedley
25%
R Roddy Mancuso
25%
S Sam Bledsoe
25%
S Sam Smith
25%
S Shelby Stockton
25%
T Tommy Bracco
25%
T Tonya Paoni
25%
W Whitney Hogg
25%
W Whitney Williams
25%
W Winston Hines
25%
Z Zakiyah Everette
25%
No matching quizzes found
Score Distribution
Percent of People with Each Score
Percentile by Number Answered
Your Score History
You have not taken this quiz since the last reset